Using discussion in classrooms

Saved in:
Bibliografiske detaljer
Hovedforfatter: Dillon, James T (Author)
Format: Bog
Sprog:engelsk
Udgivet: Buckingham Open University Press 1994
Fag:
Tags: Tilføj Tag
Ingen Tags, Vær først til at tagge denne postø!

MARC

LEADER 00000cam a2200000 a 4500
001 UCF3924
003 CL-VaPUC
008 121108e19940000UK |||||||||||||||||eng|d
020 |a 0335193242 
082 0 4 |a 371.37  |b DIL  |2 21 
100 0 |a Dillon, James T  |e author  |9 565569 
245 1 0 |a Using discussion in classrooms 
300 |a 149 p 
942 |c BK 
945 |d 20121108 00:00:00  |a dcastane 
260 |a Buckingham  |b Open University Press  |c 1994 
650 7 |a DISCUSION  |2 CL-VaPUC  |9 311631 
650 0 |a Métodos de enseñanza  |9 270413 
650 0 |a Comprensión de lectura  |9 307588 
583 |a last modification  |c 20121108 11:12:00  |k Rodrigo Vera 
999 |c 349960  |d 349958 
952 |0 0  |1 0  |4 0  |6 371_370000000000000_DIL_1994  |7 0  |8 A  |9 452858  |a BIBEDU  |b BIBEDU  |d 2019-11-22  |i 492200K  |o 371.37 DIL 1994  |p 492200K  |r 2019-11-22  |w 2019-11-22  |y BK  |k LIT